000 00626nam a2200217Ia 4500
005 20250326144109.0
008 250326s9999 xx 000 0 und d
020 _a1-4129-0863-9
037 _aTextbook
040 _aFMSL
_beng
_cFMSL
041 _aeng
_2eng
084 _aX:8 P6
_qFMSL
100 _aDurand Rodophe
_9749022
245 0 _aOrganizational evolution and strategic management
_cDurand Rodophe
260 _aNew Delhi
_bNew Delhi, Sage
_c2006
300 _ax,190
365 _b162965.42303599999
650 _aOrganization Behaviour
_9748785
942 _cTB
_hX:8 P6
999 _c1302347
_d1302347